000 00287nam a2200133Ia 4500
008 231129s1980||||xx |||||||||||||| ||spa||
040 _bspa
082 _aB869 F478c
100 _aFilho Adonias
245 0 _aCuerpo vivo
260 _c1980
264 _aSudamericana
942 _2ddc
_cBKS
999 _c8554
_d8554